|
|
|
|
| LEADER |
00000nab a2200000 a 4500 |
| 001 |
vtls010193004 |
| 003 |
SK-MaSNL |
| 005 |
20260304162107.0 |
| 008 |
250507c2010 xo ||||||||||||00 b|slo |
| 015 |
|
|
|a SNBRB2010/11
|2 snkbucl
|
| 035 |
|
|
|a (uuid)bd4ee823-ad7a-42b6-9190-066fcca4eacb
|
| 035 |
|
|
|a urn:nbn:sk:snk-ab17bg
|
| 035 |
|
|
|a (urnnbn)urn:nbn:sk:snk:ar-a05g34
|
| 038 |
|
|
|a SNKBUCL
|
| 040 |
|
|
|a SNKBUCL
|b slo
|c SNKBUCL
|e AACR2
|
| 041 |
0 |
|
|a slo
|
| 044 |
|
|
|a xo
|c SK
|
| 080 |
|
|
|a 771.31:004.085:366.624.2
|2 2001
|
| 080 |
|
|
|a 681.772.2:004.085
|2 2001
|
| 080 |
|
|
|a 366.624.2
|2 2001
|
| 100 |
1 |
|
|a Hucík, Peter
|4 aut
|9 1180611
|
| 245 |
1 |
0 |
|a Sony SLT alfa33
|b fotoaparát pre náročnejších
|c Peter Hucík
|
| 300 |
|
|
|b Fotogr., tab.
|
| 650 |
0 |
7 |
|a Sony SLT Alpha 33 (fotoaparát)
|2 snkbucl
|9 1487036
|
| 650 |
0 |
7 |
|a digitálne fotoaparáty
|2 snkbucl
|9 20208
|
| 650 |
0 |
7 |
|a testovanie výrobkov
|2 snkbucl
|9 267388
|
| 773 |
0 |
|
|t PC revue
|g Roč. XVIII, č. 11 (2010), s. 92-93
|x 1335-0226
|
| 850 |
|
|
|a Slovenská národná knižnica
|
| 852 |
|
|
|a Slovenská národná knižnica
|
| 954 |
|
|
|a odborná, vedecká literatúra pôvodná (slovenská)
|2 lita
|
| 958 |
|
|
|a article27
|
| 958 |
|
|
|a OND
|
| 958 |
|
|
|a EUIPO
|
| 999 |
|
|
|c 2973371
|d 2975301
|